000 00842nam a2200241Ia 4500
003 GCL
008 140319s9999 xx 000 0 ara d
040 _aGCL /
_cGCL
082 0 4 _a189.0901
_bص ت
100 1 _aصالح احمد العلى
245 1 0 _aتطور الحركة الفكرية فى صدر الاسلام /
_cصالح احمد العلى
260 _aبيروت :
_bمؤسسة الرسالة ،
_c1983
300 _a159 ص ؛
_c25 سم
490 _a
650 0 4 _aالاسلام
650 0 4 _aالحركات الفكرية عند المسلمين
650 0 4 _aالفكر الاسلامى
650 0 4 _aتصنيف الكتب
650 0 4 _aالفلسفة الاسلامية - تاريخ
650 0 4 _aالفكر الاسلامى - تطور
650 0 4 _aالكتابة - ادوات ومواد
942 _2ddc
_cBK
999 _c39023
_d39023